Standards-Based Accountability Under No Child Left Behind (Record no. 352559)
[ view plain ]
| 000 -LEADER | |
|---|---|
| fixed length control field | 01048nam a2200133Ia 4500 |
| 008 - FIXED-LENGTH DATA ELEMENTS--GENERAL INFORMATION | |
| fixed length control field | 171212s9999 xx 000 0 und d |
| 020 ## - INTERNATIONAL STANDARD BOOK NUMBER | |
| International Standard Book Number | 9780833041494 |
| 100 ## - MAIN ENTRY--PERSONAL NAME | |
| Personal name | Hamilton, Laura S.;Stecher, Brian M.;Marsh, Julie A.;McCombs, Jennifer Sloan;Robyn, Abby;Laura S. Hamilton, ;Brian M. Stecher, ;Julie A. Marsh, ;Jennifer Sloan McCombs, ;Abby Robyn, |
| 245 ## - TITLE STATEMENT | |
| Statement of responsibility, etc | Hamilton, Laura S.;Stecher, Brian M.;Marsh, Julie A.;McCombs, Jennifer Sloan;Robyn, Abby;Laura S. Hamilton, ;Brian M. Stecher, ;Julie A. Marsh, ;Jennifer Sloan McCombs, ;Abby Robyn, |
| Title | Standards-Based Accountability Under No Child Left Behind |
| Remainder of title | Experiences of Teachers and Administrators in Three States |
| 260 ## - PUBLICATION, DISTRIBUTION, ETC. (IMPRINT) | |
| Name of publisher, distributor, etc | RAND Corporation |
| Date of publication, distribution, etc | 2007 |
| 650 ## - SUBJECT ADDED ENTRY--TOPICAL TERM | |
| Topical term or geographic name as entry element | Education |
| 650 ## - SUBJECT ADDED ENTRY--TOPICAL TERM | |
| Topical term or geographic name as entry element | Educational accountability -- California; Educational accountability -- Georgia; Educational accountability -- Pennsylvania; Education -- Standards -- California; Education -- Standards -- Georgia; Education -- Standards -- Pennsylvania; United States. No |
| 856 ## - ELECTRONIC LOCATION AND ACCESS | |
| Uniform Resource Identifier | <a href="www.jstor.org/stable/10.7249/mg589nsf">www.jstor.org/stable/10.7249/mg589nsf</a> |
| Withdrawn status | Lost status | Damaged status | Home library | Current library | Date acquired | Total Checkouts | Full call number | Date last seen | Price effective from | Koha item type |
|---|---|---|---|---|---|---|---|---|---|---|
| College Library | College Library | 12/12/2017 | LB2806.22.S73 2007 | 12/12/2017 | 12/12/2017 | Curriculum - Based eBooks |